<?xml version="1.0" encoding="UTF-8"?><marc:collection xmlns:marc="http://www.loc.gov/MARC21/slim">
  <marc:record>
    <marc:leader>00000nam##2200000za#4500</marc:leader>
    <marc:controlfield tag="001">9.631479</marc:controlfield>
    <marc:controlfield tag="003">CaOODSP</marc:controlfield>
    <marc:controlfield tag="005">20210624214340</marc:controlfield>
    <marc:controlfield tag="007">cr |||||||||||</marc:controlfield>
    <marc:controlfield tag="008">150407|2004||||xxc|||||o    f|0| 0 fre|d</marc:controlfield>
    <marc:datafield tag="020" ind1=" " ind2=" ">
      <marc:subfield code="a">0-662-76927-9</marc:subfield>
    </marc:datafield>
    <marc:datafield tag="040" ind1=" " ind2=" ">
      <marc:subfield code="a">CaOODSP</marc:subfield>
      <marc:subfield code="b">fre</marc:subfield>
    </marc:datafield>
    <marc:datafield tag="043" ind1=" " ind2=" ">
      <marc:subfield code="a">n-cn---</marc:subfield>
    </marc:datafield>
    <marc:datafield tag="086" ind1="1" ind2=" ">
      <marc:subfield code="a">En84-3/2004F-PDF</marc:subfield>
    </marc:datafield>
    <marc:datafield tag="110" ind1="1" ind2=" ">
      <marc:subfield code="a">Canada. </marc:subfield>
      <marc:subfield code="b">Environnement Canada.</marc:subfield>
    </marc:datafield>
    <marc:datafield tag="245" ind1="1" ind2="0">
      <marc:subfield code="a">Caractérisation du bassin atmosphérique du bassin de Géorgia/Puget Sound / </marc:subfield>
      <marc:subfield code="h">[ressource électronique]</marc:subfield>
      <marc:subfield code="c">réalisée par Bruce Thomson ; publié par en collaboration avec le United States Environmental Protection Agency. </marc:subfield>
    </marc:datafield>
    <marc:datafield tag="260" ind1=" " ind2=" ">
      <marc:subfield code="a">Ottawa - Ontario : </marc:subfield>
      <marc:subfield code="b">Environnement Canada </marc:subfield>
      <marc:subfield code="c">[2004].</marc:subfield>
    </marc:datafield>
    <marc:datafield tag="300" ind1=" " ind2=" ">
      <marc:subfield code="a">160p.</marc:subfield>
      <marc:subfield code="b">cartes en couleur, figures (certaines en couleur), graphiques, références, tableaux</marc:subfield>
    </marc:datafield>
    <marc:datafield tag="500" ind1=" " ind2=" ">
      <marc:subfield code="a">« L'étude a ciblé trois grands éléments de la pollution atmosphérique : l'ozone troposphérique (ozone), les particules fines (PM) et la visibilité. Ces éléments ne sont pas seulement des sujets de préoccupation pour le public, mais également d'importants facteurs dans l'élaboration des normes et des stratégies internationales sur la qualité de l'air »--Sommaire.</marc:subfield>
    </marc:datafield>
    <marc:datafield tag="590" ind1=" " ind2=" ">
      <marc:subfield code="a">14-08-Supp</marc:subfield>
      <marc:subfield code="b">2014-04-10</marc:subfield>
    </marc:datafield>
    <marc:datafield tag="775" ind1="0" ind2="8">
      <marc:subfield code="t">Characterization of the Georgia Basin/Puget Sound airshed / </marc:subfield>
      <marc:subfield code="w">(CaOODSP)9.687016</marc:subfield>
    </marc:datafield>
    <marc:datafield tag="856" ind1="4" ind2="0">
      <marc:subfield code="a">http://publications.gc.ca</marc:subfield>
      <marc:subfield code="q">PDF</marc:subfield>
      <marc:subfield code="s">5.56 Mo</marc:subfield>
      <marc:subfield code="u">https://publications.gc.ca/collections/collection_2014/ec/En84-3-2004-fra.pdf</marc:subfield>
    </marc:datafield>
  </marc:record>
</marc:collection>
